Elton John Charting Songs (Billboard Hot 100) - Statistics

General Stats
  • This quiz has been taken 129 times
    95 since last reset
  • The average score is 28 of 71
Answer Stats
Album Weeks On Peak Artist(s) Song % Correct
Elton John's Greatest Hits Volume II 20 Weeks #1 (4 Weeks) Elton John & Kiki Dee Don't Go Breaking My Heart
88%
Duets 2 Weeks #92 Elton John & RuPaul Don't Go Breaking My Heart
88%
Goodbye Yellow Brick Road 17 Weeks #2 Elton John Goodbye Yellow Brick Road
86%
Too Low for Zero 16 Weeks #12 Elton John I'm Still Standing
86%
Honky Château 15 Weeks #6 Elton John Rocket Man
86%
Goodbye Yellow Brick Road 21 Weeks #6 Elton John Candle in the Wind
84%
Madman Across The Water 7 Weeks #41 Elton John Tiny Dancer
83%
Don't Shoot Me I'm Only the Piano Player 17 Weeks #1 (3 Weeks) Elton John Crocodile Rock
80%
Elton John 14 Weeks #8 Elton John Your Song
80%
Goodbye Yellow Brick Road 18 Weeks #1 (1 Week) Elton John Bennie and the Jets
79%
Duets 20 Weeks #1 (1 Week) George Michael & Elton John Don't Let the Sun Go Down On Me
76%
Caribou 15 Weeks #2 Elton John Don't Let the Sun Go Down on Me
76%
The Lion King: Original Motion Picture Soundtrack 26 Weeks #4 Elton John Can You Feel the Love Tonight
75%
Don't Shoot Me I'm Only the Piano Player 15 Weeks #2 Elton John Daniel
75%
The Lion King: Original Motion Picture Soundtrack 20 Weeks #18 Elton John Circle of Life
62%
Goodbye Yellow Brick Road 12 Weeks #12 Elton John Saturday Night's Alright for Fighting
59%
The Lockdown Sessions 52 Weeks #7 Elton John & Dua Lipa Cold Heart (PNAU Remix)
54%
Honky Château 10 Weeks #8 Elton John Honky Cat
54%
Caribou 14 Weeks #4 Elton John The Bitch is Back
54%
Too Low for Zero 23 Weeks #4 Elton John I Guess That's Why They Call It the Blues
53%
Ice on Fire 18 Weeks #7 Elton John Nikita
53%
Elton John's Greatest Hits Volume II 21 Weeks #1 (2 Weeks) The Elton John Band Philadelphia Freedom
53%
Sleeping with the Past 17 Weeks #18 Elton John Sacrifice
53%
Blue Moves 14 Weeks #6 Elton John Sorry Seems To Be the Hardest Word
51%
Madman Across The Water 10 Weeks #24 Elton John Levon
50%
Captain Fantastic and the Brown Dirt Cowboy 13 Weeks #4 Elton John Someone Saved My Life Tonight
50%
Friends 23 Weeks #1 (4 Weeks) Dionne & Friends That's What Friends Are For
49%
The One 22 Weeks #9 Elton John The One
46%
Non-Album Single 20 Weeks #6 Elton John & Britney Spears Hold Me Closer
43%
Rock of the Westies 15 Weeks #1 (3 Weeks) Elton John Island Girl
43%
Elton John's Greatest Hits Volume II 14 Weeks #1 (2 Weeks) Elton John Lucy in the Sky with Diamonds
39%
The Big Picture 42 Weeks #1 (14 Weeks) Elton John Candle in the Wind 1997 / Something About the Way You Look Tonight
38%
Made in England 10 Weeks #52 Elton John Made in England
38%
Breaking Hearts 19 Weeks #5 Elton John Sad Songs (Say So Much)
38%
Jump Up! 18 Weeks #12 Elton John Blue Eyes
36%
Jump Up! 17 Weeks #13 Elton John Empty Garden (Hey Hey Johnny)
34%
Elton John 5 Weeks #92 Elton John Border Song
33%
Reg Strikes Back 18 Weeks #2 Elton John I Don't Wanna Go on with You Like That
33%
Too Low for Zero 12 Weeks #25 Elton John Kiss the Bride
33%
21 at 33 21 Weeks #3 Elton John Little Jeanie
28%
The Complete Thom Bell Sessions 18 Weeks #9 Elton John Mama Can't Buy You Love
28%
Sleeping with the Past 16 Weeks #28 Elton John Club at the End of the Street
26%
Friends 9 Weeks #34 Elton John Friends
26%
Victim of Love 10 Weeks #31 Elton John Victim of Love
26%
Made In England 20 Weeks #13 Elton John Believe
25%
Rock of the Westies 11 Weeks #14 Elton John Grow Some Funk Of Your Own / I Feel Like a Bullet (In the Gun of Robert Ford)
18%
A Single Man 10 Weeks #22 Elton John Part-Time Love
18%
Sleeping with the Past 15 Weeks #13 Elton John Healing Hands
17%
Non-Album Single 12 Weeks #37 Ed Sheeran & Elton John Merry Christmas
17%
21 at 33 12 Weeks #39 Elton John (Sartorial Eloquence) Don't Ya Wanna Play This Game No More?
17%
Elton John and Tim Rice's Aida 10 Weeks #29 Elton John & LeAnn Rimes Written in the Stars
17%
The One 20 Weeks #23 Elton John The Last Song
16%
Through the Storm 11 Weeks #16 Arethra Franklon & Elton John Through the Storm
16%
Blue Moves 6 Weeks #28 Elton John Bite Your Lip (Get Up and Dance!)
14%
The Big Picture 20 Weeks #34 Elton John Blessed
14%
Breaking Hearts 13 Weeks #38 Elton John In Neon
14%
The Fox 13 Weeks #34 Elton John Chloe
13%
Leather Jackets 8 Weeks #55 Elton John Heartache All Over the World
13%
Duets 11 Weeks #56 Elton John & Kiki Dee True Love
13%
Ice on Fire 14 Weeks #20 Elton John Wrap Her Up
13%
Non-Album Single 8 Weeks #34 Elton John Ego
12%
The Fox 13 Weeks #21 Elton John Nobody Wins
12%
Breaking Hearts 14 Weeks #16 Elton John Who Wears These Shoes?
12%
Reg Strikes Back 13 Weeks #19 Elton John A Word in Spanish
11%
The One 16 Weeks #30 Elton John Simple Life
11%
Heart over Mind 13 Weeks #36 Jennifer Rush Duet with Elton Jonh Flames of Paradise
9%
The Very Best of Elton John 13 Weeks #43 Elton John You Gotta Love Someone
9%
MONTERO 1 Week #88 Lil Nas X ft. Elton John One of Me
8%
The Big Picture 20 Weeks #55 Elton John Recover Your Soul
7%
The Road to El Dorado 15 Weeks #49 Elton John Someday Out of the Blue
7%
Love Songs 17 Weeks #70 Elton John You Can Make History (Young Again)
7%
No matching quizzes found
Score Distribution
Percent of People with Each Score
Percentile by Number Answered
Your Score History
You have not taken this quiz since the last reset